000 00252nam a2200109Ia 4500
008 220204s9999 xx 000 0 und d
082 _a82-7
_bFEL
245 0 _aPortable Mad
260 _aNew York
_bNal
_c1970
700 _aFeldstein, Albert
942 _cBK
999 _c35747
_d35747